Administración contemporánea /

Αποθηκεύτηκε σε:
Λεπτομέρειες βιβλιογραφικής εγγραφής
Κύριος συγγραφέας: Garza Treviño, Juan Gerardo (autor)
Μορφή: Βιβλίο
Γλώσσα:Ισπανικά
Έκδοση: México : McGraw-Hill, 2008, c2000
Έκδοση:2a edición
Θέματα:
Ετικέτες: Προσθήκη ετικέτας
Δεν υπάρχουν, Καταχωρήστε ετικέτα πρώτοι!

MARC

LEADER 00000nam^a2200000^a^4500
001 000181645
005 20250521000000.0
009 20260310101939.411
020 |a 970-10-2662-4 
037 |a Acervo ITESO - Biblioteca 
041 |a ESP 
082 |a 658.  |b GAR 
100 |a Garza Treviño, Juan Gerardo  |e (autor) 
245 1 0 |a Administración contemporánea /  |c J.G. Garza Treviño. 
250 |a 2a edición 
264 4 |a México :  |b McGraw-Hill,  |c 2008, c2000 
300 |a XXI, 418 p. 
336 |a texto  |b txt  |2 rdacontenido 
337 |a sin mediación  |b n  |2 rdamedio 
338 |a volumen  |b nc  |2 rdasoporte 
521 |a 2012 BO Licenciatura en Nutrición y Ciencias de los Alimentos 
521 |a 2012 BO Licenciatura en Publicidad y Comunicación Estratégica 
649 |a XX 
650 |a Empresa y Sociedad 
650 |a Etica en los Negocios 
650 |a Organización Administrativa 
650 |a Proceso Administrativo -  |x Dirección 
650 |a Proceso de Producción 
650 |a Mercadotecnia 
650 |a Recursos Humanos -  |x Dirección 
650 |a Contabilidad 
650 |a Administración Financiera 
650 |a Administración Participativa 
650 |a Administración -  |x Objeto de Estudio 
650 |a Administración -  |x Teoría 
650 |a Administración -  |x Tema Principal 
650 |a Ciencias Administrativas 
910 |a Fondo General 
920 |a Impresos - Libros 
930 |a Colección General 
905 |a 101 
901 |a 0500121480  |b IT1  |c ACC  |u 20250521 
901 |a 0500151998  |b IT1  |c ACC  |u 20250521 
901 |a 0900072045  |b IT1  |c ACC  |u 20250521 
901 |a 0500207020  |b IT1  |c ACC  |i C131382  |u 20250521 
902 |a https://opac.biblio.iteso.mx/vufind/Record/000181645